|
|
|
|
| LEADER |
00000nam0a2200000 4500 |
| 001 |
146137 |
| 005 |
20231031144512.0 |
| 029 |
1 |
0 |
|a RU
|b 50-680-88
|c РД
|
| 035 |
|
|
|a (RuTPU)RU\TPU\book\158404
|
| 035 |
|
|
|a RU\TPU\book\158398
|
| 090 |
|
|
|a 146137
|
| 100 |
|
|
|a 20081027d1989 k y0rusy50 ca
|
| 101 |
0 |
|
|a rus
|
| 102 |
|
|
|a RU
|
| 105 |
|
|
|a y l 000zy
|
| 200 |
1 |
|
|a Автоматизированные системы. Основные положения
|a Методические указания. РД 50-680-88
|f СССР, Государственный комитет по стандартам (Госстандарт)
|
| 210 |
|
|
|a Москва
|c Издательство стандартов
|d 1989
|
| 215 |
|
|
|a 7 с.
|
| 225 |
1 |
|
|a Руководящий документ
|
| 229 |
|
|
|a Утверждены и введены в действие Постановлением Государственного комитета СССР по стандартам от 28.12.88 № 4622
|a Взамен ГОСТ 24.103-84, ГОСТ 23501.101-87 (в части принципов создания, разд. 2)
|
| 610 |
1 |
|
|a руководящие документы
|
| 610 |
1 |
|
|a РД
|
| 610 |
1 |
|
|a автоматизированные системы
|
| 610 |
1 |
|
|a назначение
|
| 610 |
1 |
|
|a состав
|
| 610 |
1 |
|
|a принципы
|
| 675 |
|
|
|a 658(083)
|v 3
|
| 712 |
0 |
1 |
|a СССР
|b Государственный комитет по стандартам (Госстандарт)
|c (1978-1989)
|2 stltpush
|3 (RuTPU)RU\TPU\col\12454
|
| 801 |
|
1 |
|a RU
|b 63413507
|c 20021122
|g PSBO
|
| 801 |
|
2 |
|a RU
|b 63413507
|c 20221207
|g PSBO
|
| 942 |
|
|
|c BK
|